| 000 | 00685nam a22002055i 4500 | ||
|---|---|---|---|
| 001 | 161634 | ||
| 003 | ES-MaACL | ||
| 005 | 20230906212328.0 | ||
| 008 | 041021s1862 fr |||| | fre d | ||
| 080 | _a94(450)"1815/70" | ||
| 080 | _a32(450)"1849/70" | ||
| 100 | 1 |
_aPelletan, Eugène. _9223510 |
|
| 245 | 1 | 3 |
_aLa tragédie italienne / _cpar Eugène Pelletan. |
| 260 |
_aParis : _bPagnerre, _c1862. |
||
| 300 |
_a48 p. ; _c21 cm. |
||
| 651 | 4 |
_aItalia- _xHistoria- _y1815-1870. _9151353 |
|
| 651 | 4 |
_aItalia- _xPolítica y gobierno- _y1849-1870. _9171686 |
|
| 852 | 4 |
_aES-MaACL _jT-88-F-1 _z- Enc. hol., falto de cub. original _z-- Enc. en un vol. facticio |
|
| 999 |
_c161634 _d161634 |
||